| 000 -LEADER |
| fixed length control field |
01592cam a2200409 a 4500 |
| 001 - CONTROL NUMBER |
| control field |
8566609 |
| 003 - CONTROL NUMBER IDENTIFIER |
| control field |
OSt |
| 005 - DATE AND TIME OF LATEST TRANSACTION |
| control field |
20211011113547.0 |
| 006 - FIXED-LENGTH DATA ELEMENTS--ADDITIONAL MATERIAL CHARACTERISTICS |
| fixed length control field |
m d |
| 007 - PHYSICAL DESCRIPTION FIXED FIELD--GENERAL INFORMATION |
| fixed length control field |
cr n |
| 008 - FIXED-LENGTH DATA ELEMENTS--GENERAL INFORMATION |
| fixed length control field |
981119s1999 flua sb 001 0 eng d |
| 020 ## - INTERNATIONAL STANDARD BOOK NUMBER |
| International Standard Book Number |
0849386888 |
| 035 ## - SYSTEM CONTROL NUMBER |
| System control number |
(WaSeSS)ssj0000445604 |
| 038 ## - RECORD CONTENT LICENSOR |
| Staff Name |
khadija |
| 040 ## - CATALOGING SOURCE |
| Original cataloging agency |
DLC |
| Transcribing agency |
DLC |
| Modifying agency |
DLC |
| -- |
WaSeSS |
| 050 #4 - LIBRARY OF CONGRESS CALL NUMBER |
| Classification number |
TA455.P58 |
| Item number |
M45 1999 |
| 082 00 - DEWEY DECIMAL CLASSIFICATION NUMBER |
| Classification number |
620.1929 |
| Edition number |
21 |
| Author Mark |
MEN |
| 100 1# - MAIN ENTRY--PERSONAL NAME |
| Personal name |
Menard, Kevin P. |
| 9 (RLIN) |
82954 |
| 210 10 - ABBREVIATED TITLE |
| Abbreviated title |
Dynamic mechanical analysis |
| 245 10 - TITLE STATEMENT |
| Title |
Dynamic mechanical analysis |
| Remainder of title |
a practical introduction / |
| Statement of responsibility, etc. |
Kevin P. Menard. |
| 260 ## - PUBLICATION, DISTRIBUTION, ETC. |
| Place of publication, distribution, etc. |
Boca Raton, Fla. : |
| Name of publisher, distributor, etc. |
CRC Press, |
| Date of publication, distribution, etc. |
1999. |
| 504 ## - BIBLIOGRAPHY, ETC. NOTE |
| Bibliography, etc. note |
Includes bibliographical references and index. |
| 506 ## - RESTRICTIONS ON ACCESS NOTE |
| Terms governing access |
License restrictions may limit access. |
| 563 ## - BINDING INFORMATION |
| Binding note |
Hardcover |
| 650 #0 - SUBJECT ADDED ENTRY--TOPICAL TERM |
| Topical term or geographic name entry element |
Polymers |
| General subdivision |
Mechanical properties. |
| 9 (RLIN) |
35905 |
| 650 #0 - SUBJECT ADDED ENTRY--TOPICAL TERM |
| Topical term or geographic name entry element |
Polymers |
| General subdivision |
Thermal properties. |
| 9 (RLIN) |
83023 |
| 773 #0 - HOST ITEM ENTRY |
| Title |
MATERIALSnetBASE |
| 773 #0 - HOST ITEM ENTRY |
| Title |
CHEMLIBnetBASE |
| 773 #0 - HOST ITEM ENTRY |
| Title |
ENGnetBASE |
| 773 #0 - HOST ITEM ENTRY |
| Title |
MECHANICALENGINEERINGnetBASE |
| 856 40 - ELECTRONIC LOCATION AND ACCESS |
| Uniform Resource Identifier |
<a href="http://www.columbia.edu/cgi-bin/cul/resolve?clio8566609.001">http://www.columbia.edu/cgi-bin/cul/resolve?clio8566609.001</a> |
| Public note |
Full text available from CHEMLIBnetBASE |
| 856 40 - ELECTRONIC LOCATION AND ACCESS |
| Uniform Resource Identifier |
<a href="http://www.columbia.edu/cgi-bin/cul/resolve?clio8566609.002">http://www.columbia.edu/cgi-bin/cul/resolve?clio8566609.002</a> |
| Public note |
Full text available from ENGnetBASE |
| 856 40 - ELECTRONIC LOCATION AND ACCESS |
| Uniform Resource Identifier |
<a href="http://www.columbia.edu/cgi-bin/cul/resolve?clio8566609.003">http://www.columbia.edu/cgi-bin/cul/resolve?clio8566609.003</a> |
| Public note |
Full text available from MATERIALSnetBASE |
| 856 40 - ELECTRONIC LOCATION AND ACCESS |
| Uniform Resource Identifier |
<a href="http://www.columbia.edu/cgi-bin/cul/resolve?clio8566609.004">http://www.columbia.edu/cgi-bin/cul/resolve?clio8566609.004</a> |
| Public note |
Full text available from MECHANICALENGINEERINGnetBASE |
| 910 ## - USER-OPTION DATA (OCLC) |
| User-option data |
Library of Congress record |
| 942 ## - ADDED ENTRY ELEMENTS (KOHA) |
| Source of classification or shelving scheme |
|
| Koha item type |
Book |